Loading...
| Fine Arts - Classical Music | 0 | 11 | 2 | 1 | 100 | 85 | 117.45 | 1 | 2 | 10.50 | 33.83 |
| Fine Arts - Painting & Sculpture | 0 | 7 | 2 | 2 | 60 | 69 | 104.71 | 1 | 3 | 10.09 | 29.20 |
| Literature - European | 0 | 6 | 1 | 2 | 55 | 108 | 135.67 | 0 | 0 | 3.07 | 14.24 |
| Science - Other | 0 | 4 | 0 | 1 | 40 | 60 | 104.00 | 0 | 1 | 5.05 | 14.17 |
| Literature - American | 0 | 3 | 0 | 0 | 30 | 106 | 129.67 | 0 | 0 | 2.11 | 8.96 |
| Science - Chemistry | 0 | 4 | 2 | 0 | 30 | 93 | 109.00 | 0 | 2 | 3.44 | 18.31 |
| Science - Physics | 0 | 3 | 0 | 1 | 30 | 94 | 117.00 | 0 | 0 | 1.58 | 6.86 |
| Literature - World | 0 | 3 | 1 | 1 | 25 | 106 | 120.00 | 0 | 0 | 2.67 | 12.11 |
| Religion | 0 | 3 | 2 | 1 | 20 | 58 | 105.33 | 1 | 2 | 3.87 | 7.88 |
| History - World | 0 | 2 | 0 | 1 | 20 | 135 | 138.00 | 0 | 0 | 0.00 | 3.68 |
| Fine Arts - Other | 0 | 2 | 0 | 0 | 20 | 98 | 119.00 | 0 | 0 | 1.64 | 3.43 |
| Mythology | 0 | 2 | 0 | 1 | 20 | 99 | 115.50 | 0 | 0 | 3.79 | 10.31 |
| Philosophy | 0 | 2 | 1 | 0 | 15 | 117 | 127.00 | 0 | 0 | 0.82 | 4.66 |
| Social Science | 0 | 1 | 0 | 1 | 10 | 129 | 129.00 | 0 | 0 | 0.05 | 1.02 |
| History - American | 0 | 1 | 0 | 0 | 10 | 124 | 124.00 | 0 | 0 | 0.36 | 0.29 |
| Geography | 0 | 1 | 0 | 0 | 10 | 137 | 137.00 | 0 | 0 | 0.10 | 4.76 |
| Literature - British | 0 | 0 | 1 | 0 | -5 | 0.00 | 0 | 0 | 0.00 | 0.00 |